Los nacionales
Furkejuvvon:
| Váldodahkki: | |
|---|---|
| Materiálatiipa: | Girji |
| Giella: | espánnjágiella |
| Almmustuhtton: |
Barcelona
Destino
1977
|
| Ráidu: | Ancora y Delfín, 503
|
| Fáttát: | |
| Fáddágilkorat: |
Lasit fáddágilkoriid
Eai fáddágilkorat, Lasit vuosttaš fáddágilkora!
|
MARC
| LEADER | 00000nam a2200000 a 4500 | ||
|---|---|---|---|
| 001 | UCQ5662 | ||
| 003 | CL-VaPUC | ||
| 008 | 981002e19770000SP |||||||||||||||||spa|d | ||
| 082 | 0 | 4 | |a 863 |b GAR |2 21 |
| 100 | 0 | |a García Pavón, Francisco |e author |9 376907 | |
| 245 | 1 | 4 | |a Los nacionales |
| 300 | |a 175 p | ||
| 942 | |c BK | ||
| 945 | |d 19981002 00:00:00 |a crobeson | ||
| 260 | |a Barcelona |b Destino |c 1977 | ||
| 650 | 0 | |a Novelas españolas |9 265052 | |
| 650 | 0 | |a Literatura española |9 306261 | |
| 583 | |a last modification |c 19981002 00:00:00 |k Rodrigo Vera | ||
| 490 | 0 | |a Ancora y Delfín, 503 | |
| 999 | |c 275867 |d 275865 | ||
| 952 | |0 0 |1 0 |4 0 |6 863_000000000000000_GAR_1977 |7 0 |8 A |9 312721 |a BIBEDU |b BIBEDU |d 2019-11-20 |i 1475703 |o 863 GAR 1977 |p 1475703 |r 2019-11-20 |w 2019-11-20 |y BK |k LIT | ||
| 952 | |0 0 |1 0 |4 0 |6 863_000000000000000_GAR_1977 |7 0 |8 A |9 312722 |a FDOPOS |b FDOPOS |d 2019-11-20 |i 149533K |o 863 GAR 1977 |p 149533K |r 2025-01-22 |w 2019-11-20 |y BK |k MLH | ||